书目信息 |
| 题名: |
光电接收器件及其应用
|
|
| 作者: | 张彤 编 | |
| 分册: | ||
| 出版信息: | 北京 高等教育出版社 1987 |
|
| 页数: | 130页 | |
| 开本: | 19cm | |
| 丛书名: | 电子技术教学小丛书 | |
| 单 册: | ||
| 中图分类: | TN15 | |
| 科图分类: | ||
| 主题词: | 光电器件 , 光电变换 | |
| 电子资源: | ||
| ISBN: | ||
| 000 | 00768nam2 2200289 45 | |
| 001 | 0187005983 | |
| 005 | 20040706171042.1 | |
| 010 | @dCNY0.76 | |
| 091 | @a15010.0570 | |
| 100 | @a19900808d1987 em y0chiy0121 ea | |
| 101 | 0 | @achi |
| 102 | @aCN@b110000 | |
| 105 | @ay z 000yy | |
| 106 | @ar | |
| 200 | 10 | @a光电接收器件及其应用@Aguang dian jie shou qi jian ji qi ying yong@f张彤编 |
| 210 | @a北京@c高等教育出版社@d1987 | |
| 215 | @a130页@d19cm | |
| 225 | 2 | @a电子技术教学小丛书 |
| 410 | 0 | @120010@a电子技术教学小丛书 |
| 606 | @a光电器件 | |
| 606 | @a光电变换 | |
| 610 | 0 | @a光电接收器件 |
| 690 | @aTN15@v3 | |
| 701 | 0 | @a张彤@Azhang tong@4编 |
| 801 | 0 | @aCN@b深圳图书馆@c20040520 |
| 801 | 2 | @aCN@bNLC@c20040520 |
| 905 | @dTN15@e11@f1@b205502 | |
| 光电接收器件及其应用/张彤编.-北京:高等教育出版社,1987 |
| 130页;19cm.-(电子技术教学小丛书) |
| ISBN :CNY0.76 |
| ● |
| 相关链接 |
|
|
|
|
正题名:光电接收器件及其应用
索取号:TN15/11
 
预约/预借
| 序号 | 登录号 | 条形码 | 馆藏地/架位号 | 状态 | 备注 |
| 1 | 0205501 | 001349838 | 第三借阅区/ [索取号:TN15/11] | 在馆 | |
| 2 | 0205502 | 001952541 | 第三借阅区/ [索取号:TN15/11] | 在馆 | |
| 3 | 0205503 | 001349874 | 第二样本阅览室/ [索取号:TN15/11] | 在馆 |